Condition information in the homebuying and selling process (Record no. 111096)
[ view plain ]
| 000 -LEADER | |
|---|---|
| fixed length control field | 01976cad a22002175a 4500 |
| 001 - CONTROL NUMBER | |
| control field | L150997 |
| 008 - FIXED-LENGTH DATA ELEMENTS--GENERAL INFORMATION | |
| fixed length control field | 100922s2010 xxk f 000 0 eng d |
| 020 ## - INTERNATIONAL STANDARD BOOK NUMBER | |
| International Standard Book Number | 9780728205123 |
| 035 ## - SYSTEM CONTROL NUMBER | |
| System control number | (Sirsi) u150997 |
| 041 0# - LANGUAGE CODE | |
| Language code of text/sound track or separate title | eng |
| 050 04 - LIBRARY OF CONGRESS CALL NUMBER | |
| Classification number | 690.24 $2 18 |
| 110 2# - MAIN ENTRY--CORPORATE NAME | |
| Corporate name or jurisdiction name as entry element | United Kingdom |
| Subordinate unit | Department for Communities and Local Government |
| 9 (RLIN) | 4939 |
| 245 00 - TITLE STATEMENT | |
| Title | Condition information in the homebuying and selling process |
| Remainder of title | Final report from the working group |
| Medium | [electronic resource] |
| 260 ## - PUBLICATION, DISTRIBUTION, ETC. | |
| Place of publication, distribution, etc. | London |
| Name of publisher, distributor, etc. | DCLG |
| Date of publication, distribution, etc. | 2010 |
| 520 ## - SUMMARY, ETC. | |
| Summary, etc. | Working Group set up by Margaret Beckett, former Minister of Housing in December 2008 with representatives from consumer groups and professional organisations involved in home buying and selling process aimed at improving information available to consumers on condition of properties prior to purchase. Key recommendations include the market provision of various condition reports based on a defined set of core requirements which could in the future be authorised for inclusion in HIPs, a certification scheme framework to ensure a competent and suitably qualified workforce, an agreed set of robust service standards across industry and action to promote to consumers the importance of condition information in the home buying and selling process and clarity about the various products. To assist in developing an evidence base for the Working Group, Ipsos MORI was commissioned to conduct a short research exercise looking at the role of property condition information in the home buying and selling process (see Appendix B). See L150999, L151002 amd L151006 Prior to to publication of of the Final Report, Home Information Packs (HIPS) were withdrawn in May 2010. |
| 590 ## - LOCAL NOTE (RLIN) | |
| Local note | KA NTK |
| 651 #4 - SUBJECT ADDED ENTRY--GEOGRAPHIC NAME | |
| Geographic name | ENGLAND AND WALES |
| 690 ## - LOCAL SUBJECT ADDED ENTRY--TOPICAL TERM (OCLC, RLIN) | |
| Topical term or geographic name as entry element | BUILT ENVIRONMENT-BUILDING SURVEYING-STOCK CONDITION SURVEYING |
| 856 40 - ELECTRONIC LOCATION AND ACCESS | |
| Uniform Resource Identifier | <a href="https://www.communities.gov.uk/documents/housing/pdf/1705040.pdf">https://www.communities.gov.uk/documents/housing/pdf/1705040.pdf</a> |
| Public note | View this item free of charge at www.communities.gov.uk |
| 942 ## - ADDED ENTRY ELEMENTS (KOHA) | |
| Suppress in OPAC | 0 |
| Withdrawn status | Lost status | Source of classification or shelving scheme | Damaged status | Not for loan | Home library | Current library | Shelving location | Date acquired | Total Checkouts | Full call number | Barcode | Date last seen | Copy number | Price effective from | Koha item type |
|---|---|---|---|---|---|---|---|---|---|---|---|---|---|---|---|
| Dewey Decimal Classification | Virtual | Virtual | Online | 22/09/2010 | ONLINE PUBLICATION | 150997-2001 | 06/08/2019 | 1 | 06/08/2019 | Book |